Monopoly deal cartas [juego].
Guardado en:
| Formato: | Objeto Físico |
|---|---|
| Publicado: |
Argentina :
Hasbro,
2011
|
| Materias: | |
| Etiquetas: |
Agregar Etiqueta
Sin Etiquetas, Sea el primero en etiquetar este registro!
|
| LEADER | 00527nrm a22001455a 4500 | ||
|---|---|---|---|
| 001 | CEM.cems017556 | ||
| 008 | 130507s2011##################0###0#####d | ||
| 005 | 20230912093133.0 | ||
| 245 | 0 | 0 | |a Monopoly deal cartas [juego]. |
| 260 | |a Argentina : |b Hasbro, |c 2011 | ||
| 500 | |a Jugar a ser millonario nunca fue tan fácil y divertido Para mayores de 8 años 2 mazos de 55 cartas cada uno Para 2 a 4 jugadores | ||
| 082 | 0 | 4 | |a A3 |
| 653 | |a Juego de cartas | ||
| 653 | |a Estrategia | ||
| 859 | |a CEMS |b BIB. CEMS - Agricultura |h A3 |i 1-10 |p A0023.99 |t Ej.1 | ||
